The ECG made easy. / (Record no. 6467)

MARC details
000 -LEADER
fixed length control field 00606nam a22001577a 4500
008 - FIXED-LENGTH DATA ELEMENTS--GENERAL INFORMATION
fixed length control field 180205b xxu||||| |||| 00| 0 eng d
020 ## - INTERNATIONAL STANDARD BOOK NUMBER
International Standard Book Number 9780443068263
050 ## - LIBRARY OF CONGRESS CALL NUMBER
Classification number RC683.5.E5 H3
100 ## - MAIN ENTRY--PERSONAL NAME
Personal name Hampton, John R.
245 ## - TITLE STATEMENT
Title The ECG made easy. /
Statement of responsibility, etc. John R. Hampton.
250 ## - EDITION STATEMENT
Edition statement 7th ed.
260 ## - PUBLICATION, DISTRIBUTION, ETC.
Place of publication, distribution, etc. London:
Name of publisher, distributor, etc. Elsevier Ltd.,
Date of publication, distribution, etc. 2008.
300 ## - PHYSICAL DESCRIPTION
Extent viii, 179p.:
Other physical details ill.;
Dimensions 19cm
505 ## - FORMATTED CONTENTS NOTE
Formatted contents note Contents: What the ECG is about -- Conduction and its problems -- The rhythm of the heart -- Abnormalities of P waves, QRS complexes and T waves -- How to use ECG -- Reminders -- Now test yourself.
942 ## - ADDED ENTRY ELEMENTS (KOHA)
Source of classification or shelving scheme Library of Congress Classification
Koha item type Books
Holdings
Withdrawn status Lost status Source of classification or shelving scheme Damaged status Not for loan Home library Current library Shelving location Date acquired Total Checkouts Full call number Barcode Date last seen Copy number Price effective from Koha item type
    Library of Congress Classification     WISCONSIN INTERNATIONAL UNIVERSITY COLLEGE, GHANA - MAIN LIBRARY WISCONSIN INTERNATIONAL UNIVERSITY COLLEGE, GHANA - MAIN LIBRARY nursing 05/02/2018   RC683.5.E5 H3 NURS/403/065/18 05/02/2018 1 05/02/2018 Books

If you have any concerns or questions; kindly contact the library


© Powered by WIUC ICT DIRECTORATE